| 000 | 00396nam a2200145Ia 4500 | ||
|---|---|---|---|
| 999 |
_c10530 _d10530 |
||
| 003 | OSt | ||
| 005 | 20220330141353.0 | ||
| 008 | 220318s9999 xx 000 0 und d | ||
| 020 | _a9783764364946 | ||
| 082 |
_a721.0447 _bLEC |
||
| 100 | _a LeCuyer, Annette W. | ||
| 245 | 0 | _aSteel and beyond : new strategies for metals in architecture | |
| 260 |
_bBirkhäuser Architecture, _c2003 |
||
| 942 | _2ddc | ||